000 00664nam a2200277Ia 4500
005 20260121124556.0
008 008 260114s9999 xx 000 0 eng d
020 _a9780691184234
037 _aEBOOK
040 _aCRL
040 _beng
040 _cCRL
041 _2eng
041 _aeng
084 _qCRL
100 _aBenhabib, Seyla
_9978334
245 0 _aExile, Statelessness, and Migration
260 _bWalter de Gruyter
260 _bWalter de Gruyter
260 _c2018
650 _aPhilosophy
_9978335
856 _uhttp://www.degruyter.com/isbn/9780691184234
942 _cEBOOK
999 _c1555623
_d1555623